عرض عادي عرض مارك
  • عبد المعطي، عبد الله محمد

مدخل إسم شخص

عدد التسجيلات المستخدمة في: 3

001 - رقم الضبط

  • حقل الضبط: 14679

003 - معرف رقم الضبط

  • حقل الضبط: OSt

005 - تاريخ ووقت أخر عملية

  • حقل الضبط: 20120522150406.0

008 - عناصر بيانات ثابتة الطول

  • حقل تحكم ثابت الطول: 120522|||a|||||| | ||| d

040 ## - مصدر الفهرسة

  • هيئة الفهرسة الأصلية: OSt
  • وكالة الكتابة: OSt

100 ## - مدخل -- أسم شخص

  • إسم شخص: عبد المعطي، عبد الله محمد

670 ## - بيانات المصدر موجوده

  • الاستشهاد بالمصدر: Work cat.: (OSt): عبد المعطي، عبد الله محمد, كيف تصنع طفلا مبدعا في عام /, 2008